000 00432nam a2200145Ia 4500
003 OSt
005 20260128112435.0
008 211028s2017 xx 000 0 und d
040 _cAIMIT LIBRARY
041 _aeng
100 _aAntony K, Aju; Dias, Beena.
_g1416006
_97755
245 _aEvaluation of competition faced by KKR group family curry power Kalady Cochin /
260 _aMangalore
_bBenny Godwin.
_c2017
942 _2ddc
_cPRO
999 _c219323
_d219323